000 00635nam a2200205 4500
001 110073
003 ES-MaACL
007 t|
008 061121s1983 sp r ||||1| spa d
100 1 _aO'Brien, Martin.
_986289
245 1 0 _aEsas chicas
_b: novela /
_cMartin O'Brien; traducción de César Armando Gómez.
250 _a1ª. ed.
260 _aBarcelona :
_bPlaneta,
_c1983.
300 _a313 p. ;
_c21 cm.
490 1 _aColección contemporánea (Editorial Planeta) ;
_v28
_9235473
700 1 _aGómez, César Armando.
_957753
852 _aES-MaACL
_jL-7671
_bR.107341
942 _2udc
999 _c110073
_d110073